Conato de clasificación de los conocimientos humanos en el Siglo XIX / (Record no. 158875)

MARC details
000 -LEADER
campo de control de longitud fija 00879nam a22002055i 4500
001 - NÚMERO DE CONTROL
campo de control 158875
003 - IDENTIFICADOR DE NÚMERO DE CONTROL
campo de control ES-MaACL
005 - FECHA Y HORA DE LA ÚLTIMA TRANSACCIÓN
campo de control 20250729045857.0
008 - DATOS DE LONGITUD FIJA--INFORMACIÓN GENERAL
campo de control de longitud fija 000718s1876 sp |||| | spa d
040 ## - FUENTE DE CATALOGACIÓN
Centro catalogador/agencia de origen CCPB | B
Lengua de catalogación spa
Centro/agencia transcriptor CCPB | B
100 1# - ENTRADA PRINCIPAL--NOMBRE DE PERSONA
Nombre de persona Martín, Melitón.
9 (RLIN) 77355
245 10 - MENCIÓN DEL TÍTULO
Título Conato de clasificación de los conocimientos humanos en el Siglo XIX /
Mención de responsabilidad, etc. por Meliton Martín.
260 ## - PUBLICACIÓN, DISTRIBUCIÓN, ETC.
Lugar de publicación, distribución, etc. Madrid :
Nombre del editor, distribuidor, etc. [s.n.],
Fecha de publicación, distribución, etc. 1876 (
Fabricante imprenta de Segundo Martínez)
300 ## - DESCRIPCIÓN FÍSICA
Extensión 27 p., 4 h. pleg. ;
Dimensiones 40 cm.
530 ## - NOTA DISPONIBLE DE FORMULARIO FÍSICO ADICIONAL
Nota de formato físico adicional disponible Disponible en formato digital.
650 #7 - PUNTO DE ACCESO ADICIONAL DE MATERIA--TÉRMINO DE MATERIA
Término de materia o nombre geográfico como elemento de entrada Clasificación de las ciencias
Fuente del encabezamiento o término embne
9 (RLIN) 135780
852 ## - LOCALIZACIÓN
Ubicación ES-MaACL
Número de control de estantería T-325-F-1
Nota libre -- Enc. hol.
condición física -- Falto de la cub. original
Nota libre -- Enc. en un vol. facticio
Encuadernación -- Edic.: 27 p., [4] h. pleg.
856 ## - LOCALIZACIÓN Y ACCESO ELECTRÓNICOS
Identificador Uniforme de Recursos <a href="http://bdh-rd.bne.es/viewer.vm?id=0000090136&page=1 ">http://bdh-rd.bne.es/viewer.vm?id=0000090136&page=1 </a>
Nota pública Biblioteca Digital Hispánica
Holdings
Estatus retirado Estado de pérdida Estado de daño No para préstamo Colección Biblioteca de origen Biblioteca actual Ubicación en estantería Fecha de adquisición Total de préstamos Signatura topográfica completa Código de barras Visto por última vez Precio de reemplazo Tipo de ítem Koha
        Colección de folletos Biblioteca del Ateneo de Madrid Biblioteca del Ateneo de Madrid Depósito folletos 17/01/2008   T-325-F-1 1166290 23/02/2023 23/02/2023 Folleto